000 00251nam a22001097a 4500
999 _c168719
_d168719
082 _a
_b
100 _aRamesh Kumar Sharma
245 _aRitikal aur adhunik hindi kavitha/
_cby Ramesh Kumar Sharma.
260 _a
_b
_c
650 _a
942 _cBK